000 00641cam a2200145 4500500
005 20251228082903.0
041 _afre
042 _adc
100 1 0 _aHoullemare, Marie
_eauthor
245 0 0 _aFlorence Greffe, José Lothe, La vie, les livres et les lectures de Pierre de l’Estoile. Nouvelles recherches, Paris, Honoré Champion, « pages d’archives » 2004. Un vol. 15 × 22 cm de 1 181 p.
260 _c2005.
500 _a40
786 0 _nDix-septième siècle | 227 | 2 | 2005-06-01 | p. 355k-376k | 0012-4273
856 4 1 _uhttps://shs.cairn.info/revue-dix-septieme-siecle-2005-2-page-355k?lang=fr&redirect-ssocas=7080
999 _c1600001
_d1600001